000 00437pab a2200145 454500
008 180718b2004 xxu||||| |||| 00| 0 eng d
100 _aClemmer, Richard O.
245 _a"The legal effect of the judgment": Indian land claims, ecological anthropology, social impact assessment, and the public domain
260 _c2004
300 _ap.334-45.
362 _aFall
650 _aEcology
773 _aHuman Organization
909 _a62702
999 _c62702
_d62702